[Event "POL-ch 57th"]
[Site "Plock"]
[Date "2000.05.01"]
[Round "4"]
[White "Czerwonski, Aleksander"]
[Black "Grabarczyk, Miroslaw"]
[Result "0-1"]
[WhiteElo "2414"]
[BlackElo "2522"]
[PlyCount "52"]
[EventDate "2000.04.28"]
[Source "ChessBase"]
[SourceDate "2000.10.18"]

1. d4 d5 2. Nf3 Nf6 3. e3 g6 4. Bd3 Bg7 5. Nbd2 O-O 6. O-O Nbd7 7. b3 c5 8. Bb2 b6 9. Qe2 Bb7 10. Ba6 Qc8 11. Bxb7 Qxb7 12. dxc5 Nxc5 13. c4 Rfd8 14. Rfd1 Rac8 15. Ne5 Nfe4 16. cxd5 Rxd5 17. Nxe4 Nxe4 18. Nc4 Bxb2 19. Qxb2 b5 20. Na5 Qd7 21. Rxd5 Qxd5 22. b4 Qd3 23. Nb3 Rc2 24. Qd4 Nxf2 25. Rf1 Qe2 26. Qd7 Rb2 0-1

[Event "DEN-chT 9798"]
[Site "Denmark"]
[Date "1998.02.01"]
[Round "5"]
[White "Rasmussen, Karsten"]
[Black "Schandorff, Lars"]
[Result "0-1"]
[WhiteElo "2425"]
[BlackElo "2510"]
[PlyCount "134"]
[EventDate "1997.??.??"]
[Source "www.chesslib.no"]
[SourceDate "2004.05.04"]

1. d4 d5 2. Nf3 Nf6 3. e3 c6 4. Bd3 Bg4 5. Nbd2 Nbd7 6. c4 e6 7. O-O Bd6 8. e4 dxe4 9. Nxe4 Nxe4 10. Bxe4 O-O 11. Qb3 Qc7 12. h3 Bh5 13. Bc2 Rfe8 14. Ng5 Nf6 15. Ne4 Be7 16. Be3 Rad8 17. Ng3 Bg6 18. Rad1 Rd7 19. Bxg6 hxg6 20. Rd3 Red8 21. Rfd1 Qa5 22. Bd2 Qa6 23. Be3 b5 24. c5 Nd5 25. Ne4 Qc8 26. Bd2 Nf6 27. Nxf6+ Bxf6 28. Ba5 Re8 29. Qc2 Rd5 30. a4 a6 31. axb5 axb5 32. Qe2 Qd7 33. Qe4 g5 34. g3 g6 35. Kg2 Kg7 36. Bc3 Rd8 37. Ba5 Rh8 38. Qg4 Ra8 39. Bc3 Ra4 40. b4 Ra8 41. Kf1 Kg8 42. R1d2 Qd8 43. Qe4 Ra3 44. Ke2 Kf8 45. Bb2 Ra4 46. Bc3 Ke7 47. Re3 Qh8 48. Qg4 Ra8 49. Red3 Qh6 50. Kf3 Bg7 51. Kg2 Rh8 52. f4 gxf4 53. gxf4 Ra8 54. Re2 Kf8 55. Bd2 Qh5 56. Be3 Qf5 57. Rdd2 Qe4+ 58. Kh2 Qb1 59. Rb2 Qd1 60. Rbd2 Qb1 61. Rb2 Qd3 62. Qh4 Rh5 63. Qg3 Kg8 64. Qf3 Rd5 65. Red2 Qf5 66. Rd1 Ra3 67. Qf2 Bxd4 0-1

[Event "Ch Hungary"]
[Site "Ch Hungary, Hungary"]
[Date "1984.??.??"]
[Round "12"]
[White "Groszpeter, Attila"]
[Black "Portisch, Ferenc"]
[Result "1/2-1/2"]
[WhiteElo "2490"]
[BlackElo "2445"]
[PlyCount "51"]
[EventDate "1984.??.??"]
[Source "www.chesslib.no"]
[SourceDate "2004.05.04"]

1. d4 d5 2. Nf3 Nf6 3. e3 c5 4. dxc5 e6 5. c4 Bxc5 6. Nc3 O-O 7. a3 Nc6 8. b4 Bb6 9. Bb2 Qe7 10. cxd5 Rd8 11. Be2 Nxd5 12. Nxd5 exd5 13. O-O Bg4 14. Ne5 Nxe5 15. Bxg4 Nc4 16. Bd4 Bc7 17. Bf3 a5 18. bxa5 Rxa5 19. a4 Be5 20. Bxe5 Nxe5 21. Be2 d4 22. exd4 Nc6 23. Qe1 Nxd4 24. Bb5 Qxe1 25. Rfxe1 g6 26. g3 1/2-1/2

[Event "Tatry Open"]
[Site "Tatranske Zruby"]
[Date "2003.10.03"]
[Round "8"]
[White "Trapl, Jindrich"]
[Black "Stocek, Jiri"]
[Result "0-1"]
[WhiteElo "2392"]
[BlackElo "2539"]
[PlyCount "96"]
[EventDate "2003.09.27"]
[Source "Roberto Alvarez"]
[SourceDate "2003.10.13"]

1. d4 Nf6 2. Nf3 d5 3. e3 Bg4 4. Be2 e6 5. O-O c5 6. Nbd2 Nc6 7. b3 cxd4 8. exd4 Qa5 9. Nb1 Be7 10. Bb2 Rc8 11. a3 O-O 12. Nbd2 Rfd8 13. Ne1 Bxe2 14. Qxe2 Ne8 15. Nd3 Nd6 16. c3 Bf6 17. Rac1 Qb6 18. f4 Na5 19. Nc5 Qc7 20. Kh1 b6 21. Nd3 Ne4 22. Nxe4 dxe4 23. Qxe4 Nxb3 24. Rcd1 g6 25. Ne5 Na5 26. Rd3 Qb7 27. Qe1 Nc4 28. Bc1 Nd6 29. Kg1 Bg7 30. Rh3 Qe7 31. Rd3 Qe8 32. g4 f6 33. Nf3 Nc4 34. Rf2 Qd7 35. Rg2 e5 36. fxe5 fxe5 37. Ng5 exd4 38. cxd4 Bxd4+ 39. Kh1 Ne5 40. Rd1 Qe7 41. Nf3 Bc3 42. Rxd8+ Qxd8 43. Qe2 Qd5 44. Ng5 Bd4 45. Bf4 Rf8 46. Bxe5 Rf2 47. Qxf2 Bxf2 48. h4 Bxh4 0-1

[Event "Politiken Cup"]
[Site "Copenhagen"]
[Date "1997.07.15"]
[Round "10"]
[White "Hoi, Carsten"]
[Black "Thorhallsson, Throstur"]
[Result "1-0"]
[WhiteElo "2420"]
[BlackElo "2510"]
[PlyCount "61"]
[EventDate "1997.??.??"]
[Source "www.chesslib.no"]
[SourceDate "2004.05.04"]

1. d4 d5 2. Nf3 Nf6 3. e3 c6 4. Bd3 Bg4 5. Nbd2 Nbd7 6. c4 e6 7. O-O Bd6 8. h3 Bh5 9. b3 O-O 10. Bb2 Re8 11. Rc1 Qe7 12. Qc2 Bg6 13. Bxg6 hxg6 14. c5 Bc7 15. Ne5 Nxe5 16. dxe5 Nd7 17. Nf3 Kh7 18. Rfd1 f5 19. exf6 gxf6 20. Rd4 e5 21. Rh4+ Kg7 22. Rg4 Qf7 23. Nh4 Nf8 24. f4 Kh6 25. Qf2 Bd8 26. Nf3 e4 27. Nd4 Ne6 28. Qh4+ Kg7 29. Nf5+ Kf8 30. Qh6+ Ng7 31. Rxg6 1-0

[Event "Ljubljana Open"]
[Site "Ljubljana"]
[Date "1994.??.??"]
[Round "?"]
[White "Marjanovic, Slavoljub"]
[Black "Palac, Mladen"]
[Result "0-1"]
[WhiteElo "2425"]
[BlackElo "2505"]
[PlyCount "74"]
[EventDate "1994.06.??"]
[Source "www.chesslib.no"]
[SourceDate "2004.05.04"]

1. d4 d5 2. Nf3 Nf6 3. e3 c5 4. Nbd2 Nbd7 5. c3 g6 6. Bd3 Bg7 7. O-O O-O 8. Re1 Qc7 9. Qe2 e5 10. dxe5 Nxe5 11. Nxe5 Qxe5 12. e4 Bg4 13. f3 Be6 14. exd5 Qxe2 15. Rxe2 Bxd5 16. Ne4 Nxe4 17. Bxe4 Rfe8 18. Bd3 c4 19. Rxe8+ Rxe8 20. Bf1 b5 21. Bd2 a5 22. Kf2 b4 23. Rd1 Be6 24. Be2 h5 25. f4 a4 26. f5 Bxf5 27. Bxc4 a3 28. bxa3 bxc3 29. Bc1 c2 30. Re1 Bd4+ 31. Kf1 Rb8 32. Ke2 Bc3 33. Rf1 Re8+ 34. Kf3 Bg4+ 35. Kg3 Be1+ 36. Kf4 Kg7 37. Bd3 f6 0-1

[Event "Lyon Open"]
[Site "Lyon FRA"]
[Date "1993.??.??"]
[Round "3"]
[White "Pytel, Krzysztof"]
[Black "Mitkov, Nikola"]
[Result "1/2-1/2"]
[WhiteElo "2425"]
[BlackElo "2505"]
[PlyCount "126"]
[EventDate "1993.04.??"]
[Source "www.chesslib.no"]
[SourceDate "2004.05.04"]

1. Nf3 d5 2. d4 Nf6 3. e3 Nc6 4. c4 e6 5. Bd3 a6 6. b3 e5 7. Nxe5 Nxe5 8. dxe5 dxc4 9. Bxc4 Qxd1+ 10. Kxd1 Ng4 11. Ke2 Nxe5 12. Bd5 c6 13. Be4 Be6 14. Bb2 Nd7 15. Nd2 f6 16. Nf3 Nc5 17. Bc2 Bd5 18. Rhd1 a5 19. Bd4 Be7 20. Ne1 O-O 21. f3 Na6 22. e4 Be6 23. a3 Rfd8 24. g3 Bf7 25. Ng2 Nc5 26. Rab1 Ne6 27. Bb2 Bc5 28. Ne3 Nd4+ 29. Bxd4 Bxd4 30. b4 axb4 31. Rxb4 c5 32. Rxb7 Rxa3 33. Rd3 Ra2 34. Rd2 Rda8 35. Bb3 Bxb3 36. Rxb3 Rxd2+ 37. Kxd2 Ra2+ 38. Nc2 Bg1 39. h3 h5 40. g4 Kh7 41. Rb7 Kh6 42. gxh5 Bh2 43. Kd1 Bf4 44. Rb5 Kxh5 45. Rxc5+ Kh4 46. Ke2 Kxh3 47. Kf2 Bg3+ 48. Ke3 Kg2 49. Rc6 Rb2 50. Rc3 Be5 51. Rc8 Kg3 52. Ke2 Bf4 53. Rc3 g5 54. Rc6 Be5 55. Rc4 Rb8 56. Ne3 Rb1 57. Rc2 Rh1 58. Ng4 Kf4 59. Rc6 Ra1 60. Nxe5 Ra2+ 61. Kd3 Ra3+ 62. Ke2 Kxe5 63. Rc5+ Ke6 1/2-1/2

[Event "Battle of Crete 30'"]
[Site "Panormo"]
[Date "2001.09.21"]
[Round "4"]
[White "Galego, Luis"]
[Black "Svetushkin, Dmitry"]
[Result "1/2-1/2"]
[WhiteElo "2467"]
[BlackElo "2461"]
[PlyCount "122"]
[EventDate "2001.09.01"]
[Source "ChessBase"]
[SourceDate "2001.10.26"]

1. d4 d5 2. Nf3 Nf6 3. e3 c5 4. dxc5 e6 5. c4 Bxc5 6. Nc3 O-O 7. a3 dxc4 8. Qxd8 Rxd8 9. Bxc4 b6 10. Ke2 Bb7 11. Bd2 Nbd7 12. b4 Be7 13. Rhc1 Bxf3+ 14. gxf3 Ne5 15. Nb1 Nxc4 16. Rxc4 Rac8 17. Rxc8 Rxc8 18. Nc3 Kf8 19. Rb1 Ke8 20. f4 g6 21. h3 Kd7 22. Kd3 Ne8 23. a4 Nd6 24. Nb5 a6 25. Nxd6 Bxd6 26. Bc3 Be7 27. b5 axb5 28. axb5 Bd8 29. Rb4 Rc5 30. Be5 f6 31. Bd4 Rh5 32. Ra4 Rxh3 33. Ra7+ Kc8 34. Rf7 Rh5 35. Kc4 e5 36. fxe5 fxe5 37. Bc3 e4 38. Bd4 Bc7 39. Rf8+ Kd7 40. Rf7+ Kc8 41. Re7 Rf5 42. Rxh7 Rxf2 43. Kd5 Rf1 44. Rg7 Rb1 45. Rxg6 Rxb5+ 46. Kc6 Rf5 47. Rg8+ Bd8 48. Re8 Rf1 49. Rxe4 Rc1+ 50. Kd6 Bc7+ 51. Kd5 Rb1 52. Rg4 Kb7 53. e4 Rb5+ 54. Ke6 Rh5 55. e5 b5 56. Kd5 b4 57. Bb2 Ba5 58. Kc5 Rh2 59. Bd4 Bb6+ 60. Kxb4 Bxd4 61. Rxd4 Re2 1/2-1/2

[Event "X Open Anibal"]
[Site "Linares"]
[Date "2003.02.28"]
[Round "1.2"]
[White "Adly, Ahmed"]
[Black "Korneev, Oleg"]
[Result "0-1"]
[WhiteElo "2315"]
[BlackElo "2613"]
[PlyCount "64"]
[EventDate "2003.03.01"]
[Source "Roberto Alvarez"]
[SourceDate "2003.03.03"]

1. d4 d5 2. Nf3 Nf6 3. e3 c5 4. b3 Nc6 5. Bb2 Bg4 6. Be2 e6 7. Nbd2 cxd4 8. exd4 Qa5 9. a3 Bxf3 10. Bxf3 Rc8 11. Be2 g6 12. O-O Bg7 13. c4 dxc4 14. Nxc4 Qc7 15. Rc1 O-O 16. Bf3 Rfd8 17. Ne5 Nd5 18. Nxc6 bxc6 19. Rc4 Qb6 20. Qc2 Ne7 21. Rd1 Rd6 22. Bc3 Nf5 23. Rb4 Qd8 24. Rc4 Bxd4 25. g3 c5 26. Kg2 h5 27. Rd3 Rb8 28. b4 Bxc3 29. Rdxc3 cxb4 30. axb4 Rd2 31. Rc8 Rxc8 32. Rxc8 Ne3+ 0-1

[Event "EU-chT (Men)"]
[Site "Haifa"]
[Date "1989.??.??"]
[Round "5"]
[White "Skembris, Spyridon"]
[Black "Brunner, Lucas"]
[Result "1/2-1/2"]
[WhiteElo "2420"]
[BlackElo "2505"]
[PlyCount "59"]
[EventDate "1989.11.??"]
[Source "ChessBase"]

1. d4 d5 2. Nf3 c5 3. e3 Nf6 4. dxc5 e6 5. c4 Bxc5 6. cxd5 exd5 7. Nbd2 O-O 8. Nb3 Bb6 9. Be2 Nc6 10. O-O Qd6 11. Nbd4 Bg4 12. Nb5 Qe6 13. Re1 Bxf3 14. Bxf3 Rfe8 15. Bd2 a6 16. Nc3 Ne5 17. Na4 Ba7 18. Bc3 Rad8 19. Rc1 b5 20. Bxe5 Qxe5 21. Nc3 Rd6 22. Re2 Red8 23. Qd3 h5 24. a3 Ng4 25. g3 Qg5 26. h4 Qe5 27. Nxd5 Nxe3 28. Rxe3 Bxe3 29. Qxe3 Rxd5 30. Bxd5 1/2-1/2

[Event "Open, Pula CRO"]
[Site "?"]
[Date "2001.??.??"]
[Round "4"]
[White "Jovanic, O."]
[Black "Sulava, N."]
[Result "1/2-1/2"]
[WhiteElo "2400"]
[BlackElo "2525"]
[PlyCount "106"]
[EventDate "2001.??.??"]
[Source "www.chesslib.no"]
[SourceDate "2004.05.04"]

1. d4 Nf6 2. Nf3 d5 3. e3 Bg4 4. Be2 e6 5. Nbd2 Nbd7 6. c4 c6 7. b3 Bd6 8. Bb2 Qb8 9. h3 Bh5 10. Qc2 O-O 11. O-O Re8 12. Rfe1 Bg6 13. Bd3 Bxd3 14. Qxd3 e5 15. e4 exd4 16. Bxd4 dxe4 17. Nxe4 Nxe4 18. Rxe4 Rxe4 19. Qxe4 Nc5 20. Qf5 Ne6 21. Bc3 Qc7 22. Re1 Bf8 23. Ne5 g6 24. Qf3 Bg7 25. Ng4 Qf4 26. Qxf4 Nxf4 27. Bxg7 Kxg7 28. Re7 h5 29. Ne3 Rb8 30. Rd7 Ne6 31. b4 Kf8 32. a3 Ke8 33. Rd6 a5 34. g3 axb4 35. axb4 Ra8 36. b5 Ke7 37. Rd1 Ra2 38. bxc6 bxc6 39. h4 f5 40. Kg2 f4 41. gxf4 Nxf4+ 42. Kf3 Ne6 43. Rd3 Nc5 44. Rd4 Ra8 45. Kg3 Ra3 46. Rd1 Rc3 47. Kf3 Nd3 48. Ke2 Ne5 49. Rd4 Ke6 50. Re4 Kf6 51. Rf4+ Ke6 52. Re4 Kf6 53. Rf4+ Ke6 1/2-1/2

[Event "Novosibirsk op"]
[Site "Novosibirsk"]
[Date "2001.07.26"]
[Round "8"]
[White "Akselrod, Vladislav"]
[Black "Belozerov, Andrei"]
[Result "0-1"]
[WhiteElo "2415"]
[BlackElo "2507"]
[PlyCount "86"]
[EventDate "2001.07.18"]
[Source "ChessBase"]
[SourceDate "2001.09.11"]

1. Nf3 c5 2. e3 Nf6 3. d4 d5 4. c4 cxd4 5. exd4 g6 6. Nc3 Bg7 7. Bg5 Ne4 8. Bh4 Nxc3 9. bxc3 O-O 10. Qb3 dxc4 11. Bxc4 Nc6 12. Be2 b6 13. O-O Bb7 14. Rfe1 Qd7 15. Bb5 e6 16. Ne5 Qc7 17. Bxc6 Bxc6 18. c4 Rac8 19. Qh3 Bb7 20. Rac1 Rfe8 21. Ng4 Qf4 22. Bg3 Qxd4 23. Rcd1 Qxc4 24. Be5 h5 25. Ne3 Qc5 26. Bxg7 Kxg7 27. Qh4 Qe7 28. Qg3 Red8 29. Rxd8 Qxd8 30. h4 Qc7 31. Qg5 Qc5 32. Qg3 Rd8 33. Qf4 Qc3 34. Rf1 Rd2 35. Qg3 Qd4 36. Rc1 Rxa2 37. Rc7 Bd5 38. Rc8 Ra1+ 39. Kh2 Qf6 40. Re8 Ra4 41. Kg1 Qf4 42. Nf5+ exf5 43. Qc3+ Qd4 0-1

[Event "7th BayEM"]
[Site "Bad Wiessee"]
[Date "2003.11.11"]
[Round "4"]
[White "Welling, Gerard"]
[Black "Berelovich, Aleksandar"]
[Result "1/2-1/2"]
[WhiteElo "2380"]
[BlackElo "2540"]
[PlyCount "42"]
[EventDate "2003.11.08"]
[Source "Roberto Alvarez"]
[SourceDate "2003.11.17"]

1. Nf3 d5 2. d4 c5 3. e3 Nf6 4. c3 Nbd7 5. Nbd2 g6 6. Bd3 Bg7 7. O-O O-O 8. e4 dxe4 9. Nxe4 Nxe4 10. Bxe4 cxd4 11. Nxd4 Nc5 12. Bc2 b6 13. Nb3 Ba6 14. Re1 Qc7 15. Nxc5 bxc5 16. Bg5 e5 17. Be4 Rab8 18. Qa4 Bb5 19. Qc2 Bc4 20. b3 Be6 21. Rad1 a5 1/2-1/2

[Event "Edinburgh op"]
[Site "Edinburgh"]
[Date "1999.??.??"]
[Round "4"]
[White "Summerscale, Aaron"]
[Black "Plaskett, Jim"]
[Result "1/2-1/2"]
[WhiteElo "2450"]
[BlackElo "2470"]
[PlyCount "42"]
[EventDate "1999.??.??"]
[Source "www.chesslib.no"]
[SourceDate "2004.05.04"]

1. d4 Nf6 2. Nf3 c5 3. e3 d5 4. dxc5 e6 5. b4 a5 6. c3 b6 7. a4 bxc5 8. b5 Bd6 9. c4 O-O 10. Bb2 Nbd7 11. Nbd2 Bb7 12. Bd3 Qe7 13. Qc2 Rfe8 14. e4 d4 15. O-O-O Ng4 16. Rdf1 Qf6 17. Kb1 Nde5 18. Nxe5 Nxe5 19. f3 Qg6 20. Rf2 Qh6 21. Re2 f6 1/2-1/2

[Event "It (cat.7)"]
[Site "Dubna (Russia)"]
[Date "2007.08.04"]
[Round "3"]
[White "Lomako Pavel (BLR)"]
[Black "Romanov Evgeny (RUS)"]
[Result "1/2-1/2"]
[WhiteElo "2398"]
[BlackElo "2521"]
[PlyCount "62"]
[EventDate "2007.??.??"]
[Source "www.chesslib.no"]
[SourceDate "2004.05.04"]

1. d4 Nf6 2. Nf3 d5 3. e3 c5 4. c3 Nbd7 5. Bd3 g6 6. O-O Bg7 7. Ne5 Nxe5 8. dxe5 Nd7 9. f4 c4 10. Bc2 Nc5 11. e4 Nxe4 12. Bxe4 Qb6+ 13. Qd4 dxe4 14. Nd2 Be6 15. Qxb6 axb6 16. Nxe4 Kd7 17. Be3 Kc6 18. Bd4 Bd5 19. Nd2 Ra6 20. Rfe1 Rha8 21. a3 e6 22. Nf1 Rd8 23. Ne3 h5 24. Nc2 Kc7 25. Bf2 Bc6 26. Ne3 b5 27. Rad1 Raa8 28. Nc2 Bf8 29. Nd4 Be7 30. Nf3 Rxd1 31. Rxd1 Rd8 1/2-1/2

[Event "6th Dubai Open"]
[Site "Dubai"]
[Date "2004.04.20"]
[Round "2.9"]
[White "Gelashvili, Tamaz"]
[Black "El Arousy, Abdul Hameed"]
[Result "1-0"]
[WhiteElo "2542"]
[BlackElo "2375"]
[PlyCount "49"]
[EventDate "2004.04.19"]
[Source "Roberto Alvarez"]
[SourceDate "2004.05.03"]

1. Nf3 d5 2. d4 Nf6 3. e3 c5 4. Bd3 Nc6 5. b3 Bg4 6. Bb2 cxd4 7. exd4 e6 8. Nbd2 Be7 9. a3 Rc8 10. h3 Bh5 11. O-O Bg6 12. Qe2 Qb6 13. Rab1 Bxd3 14. Qxd3 O-O 15. c4 Qa6 16. Rbc1 Rfd8 17. Qe3 dxc4 18. bxc4 b5 19. d5 Na5 20. dxe6 bxc4 21. exf7+ Kf8 22. Rfe1 Bc5 23. Bd4 Nd5 24. Bxc5+ Kxf7 25. Ng5+ 1-0

[Event "HUN-chT1"]
[Site "HUN"]
[Date "1995.??.??"]
[Round "?"]
[White "Izsak, Gyula"]
[Black "Szabolcsi, Janos"]
[Result "1/2-1/2"]
[WhiteElo "2445"]
[BlackElo "2470"]
[PlyCount "24"]
[EventDate "1995.??.??"]
[Source "www.chesslib.no"]
[SourceDate "2004.05.04"]

1. d4 Nf6 2. Nf3 d5 3. e3 c5 4. dxc5 Qa5+ 5. Nbd2 Qxc5 6. c4 Nc6 7. a3 Bg4 8. b4 Qd6 9. h3 Bh5 10. Bb2 Rd8 11. Qb3 e6 12. Be2 Be7 1/2-1/2

[Event "Dreifluesse op"]
[Site "Passau"]
[Date "1998.04.13"]
[Round "7"]
[White "Danner, Georg"]
[Black "Wells, Peter K"]
[Result "0-1"]
[WhiteElo "2385"]
[BlackElo "2530"]
[PlyCount "82"]
[EventDate "1998.04.10"]
[Source "www.chesslib.no"]
[SourceDate "2004.05.04"]

1. d4 Nf6 2. Nf3 d5 3. e3 c5 4. c4 cxd4 5. exd4 g6 6. Nc3 Bg7 7. cxd5 Nxd5 8. Bc4 Nb6 9. Bb3 Nc6 10. d5 Na5 11. O-O Nxb3 12. axb3 O-O 13. Re1 Qd6 14. Bg5 e6 15. dxe6 Qxd1 16. exf7+ Rxf7 17. Raxd1 Bg4 18. Rd3 Nd7 19. Rde3 Bxf3 20. gxf3 h6 21. Be7 Bd4 22. Re6 Re8 23. Bd6 Rxe6 24. Rxe6 Rxf3 25. Bg3 Bxc3 26. bxc3 Kf7 27. Rd6 Nf6 28. Be5 Ne4 29. Rd8 Rxf2 30. Bb8 Rb2 31. Rd7+ Ke6 32. Rxb7 Nxc3 33. Bxa7 Nd5 34. Bc5 Kf5 35. b4 Kg4 36. Rb8 Kf3 37. Rf8+ Nf4 38. h4 Kg3 39. Rxf4 Kxf4 40. Bf8 Kg3 41. Bd6+ Kxh4 0-1

[Event "Arnold Cup"]
[Site "Gausdal NOR"]
[Date "1991.??.??"]
[Round "3"]
[White "Svidler, Peter"]
[Black "Tisdall, Jonathan D"]
[Result "1/2-1/2"]
[WhiteElo "2480"]
[BlackElo "2435"]
[PlyCount "56"]
[EventDate "1991.04.??"]
[Source "www.chesslib.no"]
[SourceDate "2004.05.04"]

1. d4 Nf6 2. Nf3 d5 3. e3 g6 4. Bd3 Bg7 5. O-O O-O 6. Nbd2 c5 7. b3 Nc6 8. Bb2 cxd4 9. Nxd4 Bg4 10. N2f3 Ne4 11. Nxc6 bxc6 12. Bxg7 Kxg7 13. Bxe4 dxe4 14. Qd4+ Qxd4 15. Nxd4 c5 16. Nc6 Kf6 17. h3 Be2 18. Rfe1 Ba6 19. Rad1 Rfc8 20. Na5 Rd8 21. c4 Rd6 22. Kf1 Ke6 23. Ke2 Kd7 24. Rxd6+ exd6 25. Rd1 Kc7 26. a3 Bc8 27. Kd2 Be6 28. Kc3 a6 1/2-1/2

[Event "Cappelle Open"]
[Site "Cappelle la Grande FRA"]
[Date "1993.??.??"]
[Round "8"]
[White "Okhotnik, Vladimir"]
[Black "Kishnev, Sergey"]
[Result "0-1"]
[WhiteElo "2400"]
[BlackElo "2510"]
[PlyCount "109"]
[EventDate "1993.02.??"]
[Source "www.chesslib.no"]
[SourceDate "2004.05.04"]

1. d4 d5 2. Nf3 Nf6 3. e3 Bg4 4. Nbd2 e6 5. h3 Bh5 6. c4 c6 7. Be2 Nbd7 8. O-O Bd6 9. b3 O-O 10. Bb2 Qc7 11. a3 a5 12. Rc1 Rad8 13. Nh4 Bxe2 14. Qxe2 Qb8 15. f4 Rfe8 16. Nhf3 Nh5 17. Rfd1 g6 18. g4 Ng7 19. Qg2 f6 20. Nf1 h6 21. h4 Kh7 22. Rc2 h5 23. c5 Be7 24. b4 Qc7 25. Bc3 axb4 26. axb4 Ra8 27. Be1 Ra3 28. gxh5 Nxh5 29. Ra2 Rxa2 30. Qxa2 e5 31. fxe5 fxe5 32. Qh2 Bf6 33. Bc3 Qc8 34. dxe5 Nxe5 35. Bxe5 Bxe5 36. Nxe5 Qf5 37. Nd2 Rxe5 38. Rf1 Qg4+ 39. Qg2 Qxb4 40. Rf7+ Ng7 41. Nf3 Rf5 42. Rd7 Qxc5 43. Ng5+ Kh8 44. Qg3 Rf8 45. Nf7+ Kg8 46. Qxg6 Qxe3+ 47. Kg2 Qe2+ 48. Kg3 Qh5 49. Nh6+ Qxh6 50. Qxh6 Nf5+ 51. Kf4 Nxh6+ 52. Kg5 Rf7 53. Rd6 Nf5 54. Rd8+ Kg7 55. h5 0-1

[Event "III Open"]
[Site "Palma di Maiorca SPA"]
[Date "2008.12.07"]
[Round "2"]
[White "Heinzel, O."]
[Black "Edouard, R."]
[Result "0-1"]
[WhiteElo "2378"]
[BlackElo "2531"]
[PlyCount "66"]
[EventDate "2008.12.06"]
[Source "www.chesslib.no"]
[SourceDate "2004.05.04"]

1. d4 Nf6 2. Nf3 c5 3. e3 d5 4. c3 Nbd7 5. Nbd2 g6 6. Bd3 Bg7 7. O-O O-O 8. Qe2 Re8 9. Ne5 Nxe5 10. dxe5 Nd7 11. f4 c4 12. Bc2 b5 13. e4 Bb7 14. exd5 Bxd5 15. Ne4 Qb6+ 16. Be3 Qc6 17. Bd4 f5 18. Ng5 e6 19. Qf2 Bf8 20. Qh4 Re7 21. Rf2 Rg7 22. Re1 b4 23. Re3 b3 24. axb3 cxb3 25. Bd1 a5 26. Rh3 Be7 27. Qg3 Nf8 28. Rd2 a4 29. Qf2 a3 30. bxa3 Rxa3 31. Nf3 Bc4 32. Ne1 Ra1 33. Nd3 Ba3 0-1

[Event "Acasusso Open"]
[Site "Acasusso ARG"]
[Date "1991.??.??"]
[Round "10"]
[White "Cid, Marino Alejandro"]
[Black "Tempone, Marcelo J"]
[Result "1/2-1/2"]
[WhiteElo "2445"]
[BlackElo "2460"]
[PlyCount "24"]
[EventDate "1991.??.??"]
[Source "www.chesslib.no"]
[SourceDate "2004.05.04"]

1. d4 d5 2. Nf3 Nf6 3. e3 c6 4. Bd3 Bg4 5. Nbd2 e6 6. h3 Bxf3 7. Nxf3 Nbd7 8. c3 Bd6 9. O-O O-O 10. Qc2 e5 11. dxe5 Nxe5 12. Nxe5 Bxe5 1/2-1/2

[Event "Osijek"]
[Site "Osijek"]
[Date "1993.??.??"]
[Round "4"]
[White "Kovacevic, Vlatko"]
[Black "Sulava, Nenad"]
[Result "1/2-1/2"]
[WhiteElo "2475"]
[BlackElo "2430"]
[PlyCount "58"]
[EventDate "1993.11.??"]
[Source "ChessBase"]

1. d4 d5 2. Nf3 Nf6 3. e3 Bf5 4. c4 e6 5. Qb3 Nc6 6. c5 Rb8 7. Bb5 Nd7 8. Nbd2 g5 9. h3 Bg7 10. a3 Bg6 11. Qc3 O-O 12. b4 e5 13. O-O e4 14. Nh2 Ne7 15. c6 bxc6 16. Bxc6 Nb6 17. a4 f5 18. a5 Nxc6 19. axb6 Rxb6 20. b5 Nb8 21. Rxa7 Rf7 22. f3 Rxb5 23. fxe4 dxe4 24. Qc4 Qd5 25. Rxc7 Qxc4 26. Rxc4 Nd7 27. Rc6 Nb6 28. Nc4 Nxc4 29. Rxc4 h5 1/2-1/2